El tratamiento jurd̕ico de los portadores del VIH y pacientes con sida en Colombia

Detalles Bibliográficos
Autor principal: Coral Pabn̤, Manuel Antonio
Formato: eBook
Lenguaje:español
Publicado: Colombia : Universidad de Nariǫ, 2010.
Colección:Pensamiento Jurd̕ico Contemporǹeo
Materias:
Acceso en línea:Acceso restringido

MARC

LEADER 00000nam a22000007a 4500
005 20110901125349.0
008 110901t2010 ck ||||s|||| 00| 0 spa d
020 |a 978-958-8609-06-5 
035 |a 5379 
040 |a vLex 
090 |c 2333  |d 2333 
100 1 |a Coral Pabn̤, Manuel Antonio 
245 1 3 |a El tratamiento jurd̕ico de los portadores del VIH y pacientes con sida en Colombia  |c Manuel Antonio Coral Pabn̤  |h [Recurso electrn̤ico] / 
256 |a Servicio en ln̕ea. 
260 |a Colombia :  |b Universidad de Nariǫ,  |c 2010. 
300 |a 308 p. 
490 0 |a Pensamiento Jurd̕ico Contemporǹeo 
506 1 |a Contenido solo disponible en los productos indicados  |d vLex Global  |d vLex Global (Academic Edition, excluding Law Schools)  |d vLex Global (U.S. Academic Edition, Law Schools)  |d vLex Global (U.S. Academic Edition, excluding Law Schools)  |d vLex Global (Academic Edition, Law Schools) 
650 0 4 |a Personas seropositivas  |z Colombia 
650 0 4 |a Sida  |x Tratamiento  |z Colombia 
740 0 |a vLex Libros (Servicio en ln̕ea) 
856 4 0 |u http://vlex.com/source/tratamiento-juridico-portadores-vih-pacientes-sida-colombia-5379  |z Acceso restringido 
942 |c BOOK